The Santa clause 3. The escape clause /
With another Christmas season fast approaching, Santa Claus/Scott Calvin is feeling even more pressure. Mrs. Claus is expecting a little Claus. She is also longing for the company of some "tall people." So Scott agrees to let her parents visit as long as they believe that they're real...
| Corporate Authors: | , , , , , |
|---|---|
| Other Authors: | , , , , , , , , , , , , , , , , , , |
| Format: | Video Blu-ray Disc |
| Language: | English French Spanish |
| Language Notes: | English, dubbed French or dubbed Spanish dialogue, with French & Spanish subtitles; English subtitles for the deaf and hard of hearing. |
| Published: |
Burbank, Calif. :
Walt Disney Home Entertainment :
[2007]
|
| Edition: | [Blu-ray version]. |
| Subjects: |
MARC
| Tag | First Indicator | Second Indicator | Subfields |
|---|---|---|---|
| LEADER | 00000cgm a2200000Ia 4500 | ||
| 001 | in00002670113 | ||
| 005 | 20151202112646.0 | ||
| 007 | vd csaizq | ||
| 008 | 070815s2007 cau092 g vleng d | ||
| 020 | |a 0788879782 | ||
| 020 | |a 9780788879784 | ||
| 024 | 1 | |a 786936739763 | |
| 028 | 4 | 2 | |a 54882 |b Walt Disney Home Entertainment |
| 035 | |a (OCoLC)ocn164620594 | ||
| 035 | |a (OCoLC)164620594 | ||
| 037 | |b Midwest Tape |n http://www.midwesttapes.com | ||
| 040 | |a TEFMT |c TEFMT |d TEF |d BTCTA |d OCLCQ |d RCS |d OCLCQ |d VPL |d GK5 |d OCLCQ |d UtOrBLW | ||
| 041 | 1 | |a eng |a fre |a spa |j eng |j fre |j spa |h eng | |
| 043 | |a r------ |a n-us--- | ||
| 049 | |a TXAM | ||
| 050 | 1 | 4 | |a PN1995.9.C5113 |b S2683 2007 |
| 082 | 0 | 4 | |a 791.43/72 |2 22 |
| 090 | |a PN1995.9.C5113 |b S36213 2007b | ||
| 245 | 0 | 4 | |a The Santa clause 3. |p The escape clause / |c Santa Frost Productions Inc. ; Walt Disney Pictures ; Boxing Cat Films ; Outlaw Productions ; produced by Tim Allen, Robert F. Newmyer, Brian Reilly, Jeffrey Silver ; written by Ed Decter & John J. Strauss ; directed by Michael Lembeck. |
| 246 | 3 | 0 | |a Escape clause |
| 246 | 3 | |a SC3 | |
| 250 | |a [Blu-ray version]. | ||
| 264 | 1 | |a Burbank, Calif. : |b Walt Disney Home Entertainment : |c [2007] | |
| 264 | 2 | |a Burbank, Calif. : |b Distributed by Buena Vista Home Entertainment, | |
| 300 | |a 1 videodisc (92 min.) : |b sound, color ; |c 4 3/4 in. | ||
| 336 | |a two-dimensional moving image |b tdi |2 rdacontent | ||
| 337 | |a video |b v |2 rdamedia | ||
| 338 | |a videodisc |b vd |2 rdacarrier | ||
| 538 | |a Blu-ray disc; widescreen (1.85:1) presentation, 1080 p High Definition, Dolby Digital 5.1 uncompressed, Dolby Digital 5.1, region 1. | ||
| 538 | |a This Blu-ray disc will not play in standard DVD players. | ||
| 546 | |a English, dubbed French or dubbed Spanish dialogue, with French & Spanish subtitles; English subtitles for the deaf and hard of hearing. | ||
| 500 | |a Title from container. | ||
| 500 | |a At head of title: Walt Disney Pictures presents. | ||
| 511 | 1 | |a Tim Allen, Elizabeth Mitchell, Eric Lloyd, Judge Reinhold, Wendy Crewson, Spencer Breslin, Liliana Mumy, Martin Short, Ann-Margret, Alan Arkin. | |
| 508 | |a Director of photography, Robbie Greenberg ; editor, David Finfer ; music, George S. Clinton ; costume designer, Ingrid Ferrin ; production designer, Richard Holland. | ||
| 500 | |a Based on the characters conceived by Leo Benvenuti & Steve Rudnick. | ||
| 500 | |a Originally released as a motion picture in 2006. | ||
| 521 | 8 | |a MPAA rating: G. | |
| 520 | |a With another Christmas season fast approaching, Santa Claus/Scott Calvin is feeling even more pressure. Mrs. Claus is expecting a little Claus. She is also longing for the company of some "tall people." So Scott agrees to let her parents visit as long as they believe that they're really in Canada rather than at the North Pole. Further complicating matters is a visit by Scott's ex-wife, her husband, and their daughter, Lucy. A member of the Council of Legendary Figures, Jack Frost is a very bad boy. He is supremely jealous of the figures who have their own holidays, especially Santa. So he launches a plan to sabotage the toy factory and compel Scott to invoke the little-known Escape Clause and wish he'd never become Santa. The resulting evocation has Scott rewinding 12 years and juggles a full house of family and the mischievous Jack Frost, who is scheming to take over the 'big guy's' holiday. | ||
| 500 | |a Bonus features include: director's audio commentary, blooper reel, alternate opening, creating movie magic, on the set with Tim & Marty, look at Mr. & Mrs. Claus, music video, Virtual holiday decorator, Chrsitmas carol-oke. | ||
| 500 | |a Videorecording. | ||
| 650 | 0 | |a Santa Claus |v Drama. | |
| 650 | 0 | |a Frost, Jack (Fictitious character) |v Drama. | |
| 650 | 0 | |a Clauses (Law) |z Arctic regions |v Drama. | |
| 650 | 0 | |a Jealousy |v Drama. | |
| 650 | 0 | |a Married people |z Arctic regions |v Drama. | |
| 655 | 7 | |a Christmas films. |2 lcgft | |
| 655 | 7 | |a Fantasy films. |2 lcgft | |
| 655 | 7 | |a Comedy films. |2 lcgft | |
| 655 | 7 | |a Feature films. |2 lcgft | |
| 655 | 7 | |a Video recordings for the hearing impaired. |2 lcgft | |
| 655 | 7 | |a Fiction films. |2 lcgft | |
| 700 | 1 | |a Allen, Tim, |d 1953- | |
| 700 | 1 | |a Newmyer, Robert. | |
| 700 | 1 | |a Reilly, Brian. | |
| 700 | 1 | |a Silver, Jeffrey. | |
| 700 | 1 | |a Decter, Ed, |d 1959- | |
| 700 | 1 | |a Strauss, John J., |d 1957- | |
| 700 | 1 | |a Lembeck, Michael. | |
| 700 | 1 | |a Mitchell, Elizabeth, |d 1970- | |
| 700 | 1 | |a Lloyd, Eric. | |
| 700 | 1 | |a Reinhold, Judge, |d 1956- | |
| 700 | 1 | |a Crewson, Wendy. | |
| 700 | 1 | |a Breslin, Spencer. | |
| 700 | 1 | |a Mumy, Liliana, |d 1994- | |
| 700 | 1 | |a Short, Martin, |d 1950- | |
| 700 | 0 | |a Ann-Margret, |d 1941- | |
| 700 | 1 | |a Arkin, Alan. | |
| 700 | 1 | |a Clinton, George S. | |
| 700 | 1 | |a Benvenuti, Leo. | |
| 700 | 1 | |a Rudnick, Steve. | |
| 710 | 2 | |a Santa Frost Productions. | |
| 710 | 2 | |a Walt Disney Pictures. | |
| 710 | 2 | |a Boxing Cat Films (Firm) | |
| 710 | 2 | |a Outlaw Productions (Firm) | |
| 710 | 2 | |a Walt Disney Home Entertainment (Firm) | |
| 710 | 2 | |a Buena Vista Home Entertainment (Firm) | |
| 938 | |a Baker and Taylor |b BTCP |n BEBDWD 54882 | ||
| 994 | |a C0 |b TXA | ||
| 948 | |a cataloged |b h |c 2010/11/30 |d c |e blrosas |f 2:29:50 pm | ||
| 999 | |a MARS | ||
| 999 | f | f | |s 1a4f9c61-c0ab-3445-91de-7341661e906e |i 62b8ed05-3204-3f0d-ae50-13ab0cb8ea09 |t 0 |
| 952 | f | f | |p bluray |a Texas A&M University |b College Station |c Sterling C. Evans Library |d Evans: Media and Reserves (Annex 1st floor) |t 0 |e PN1995.9.C5113 S36213 2007b |h Library of Congress classification |i video -- videodisc |m A14839467985 |
| 998 | f | f | |a PN1995.9.C5113 S36213 2007b |t 0 |l Evans: Media and Reserves (Annex 1st floor) |